Modern Day Countries that were part of the French Empire - Statistics

General Stats
  • This quiz has been taken 22 times
  • The average score is 25 of 44
Answer Stats
Country % Correct
Algeria
89%
Niger
89%
Cambodia
83%
Morocco
83%
Vietnam
83%
Benin
78%
Ivory Coast
78%
Laos
78%
Togo
78%
Chad
72%
Congo
72%
Mali
72%
Mauritania
72%
Senegal
72%
Cameroon
67%
Central African Republic
67%
Gabon
67%
Guinea
67%
Haiti
67%
Madagascar
67%
Tunisia
67%
Comoros
61%
Djibouti
61%
Syria
61%
Lebanon
56%
Burkina Faso
50%
India
50%
Libya
50%
Mauritius
44%
Seychelles
44%
Vanuatu
44%
Egypt
39%
Gambia
39%
Grenada
39%
St Kitts and Nevis
39%
St Lucia
39%
St Vincent
39%
Dominican Republic
28%
Mexico
28%
Trinidad and Tobago
28%
Yemen
28%
Dominica
22%
Canada (Quebec)
6%
United States of America (Louisiana)
6%
No matching quizzes found
Score Distribution
Percent of People with Each Score
Percentile by Number Answered
Your Score History
You have not taken this quiz